El inmoralista
Na minha lista:
| Autor principal: | |
|---|---|
| Formato: | Livro |
| Idioma: | espanhol |
| Publicado em: |
Buenos Aires
Argos
1948
|
| Edição: | 2a. ed |
| Assuntos: | |
| Tags: |
Adicionar Tag
Sem tags, seja o primeiro a adicionar uma tag!
|
MARC
| LEADER | 00000nam a2200000 a 4500 | ||
|---|---|---|---|
| 001 | UCU9529 | ||
| 003 | CL-VaPUC | ||
| 008 | 960823e19480000AG |||||||||||||||||spa|d | ||
| 082 | 0 | 4 | |a 843 |b GID |2 21 |
| 100 | 0 | |a Gide, André |e author |9 266290 | |
| 245 | 1 | 3 | |a El inmoralista |
| 250 | |a 2a. ed | ||
| 300 | |a 172 p | ||
| 942 | |c BK | ||
| 945 | |d 19960823 00:00:00 |a rleighto | ||
| 260 | |a Buenos Aires |b Argos |c 1948 | ||
| 650 | 0 | |a Novela francesa |9 264985 | |
| 583 | |a last modification |c 19960823 00:00:00 |k Rodrigo Vera | ||
| 999 | |c 251253 |d 251251 | ||
| 952 | |0 0 |1 0 |4 0 |6 843_000000000000000_GID_1948 |7 0 |8 P |9 270286 |a BIBARQ |b BIBARQ |d 2019-11-19 |i 322290K |o 843 GID 1948 |p 322290K |r 2025-01-20 |w 2019-11-19 |y BK |k ARQ | ||